[Event "BL 8384 München 36-Bamberg"]
[Site "?"]
[Date "1984.??.??"]
[Round "?.3"]
[White "Backwinkel, P."]
[Black "Bastian, H."]
[Result "1-0"]
[WhiteElo "2330"]
[BlackElo "2375"]
[PlyCount "75"]
[EventDate "1984.??.??"]

1. d4 Nf6 2. Nf3 g6 3. c4 Bg7 4. Nc3 O-O 5. Bg5 h6 6. Bh4 d6 7. e3 g5 8. Bg3
Nh5 9. Qc2 f5 10. O-O-O Nd7 11. Bd3 e6 12. h4 Nxg3 13. fxg3 g4 14. Ng1 Nf6 15.
Nge2 Nh5 16. Rhf1 Bd7 17. e4 fxe4 18. Bxe4 Rb8 19. Bh7+ Kh8 20. Bg6 Nf6 21. Nf4
e5 22. dxe5 dxe5 23. Ne6 Bxe6 24. Rxd8 Rbxd8 25. Qb3 Rd4 26. Qxb7 Rxc4 27. Qxa7
Bd5 28. Bd3 Rd4 29. Nxd5 Nxd5 30. Rxf8+ Bxf8 31. Bc2 Bd6 32. Qb8+ Kg7 33. Qe8
Ne7 34. Bb3 Rb4 35. Qf7+ Kh8 36. Qf8+ Kh7 37. Bc2+ e4 38. a3 1-0

[Event "BL 8384 München 36-Sindelfingen"]
[Site "?"]
[Date "1984.??.??"]
[Round "?.1"]
[White "Fahnenschmidt, G."]
[Black "Unzicker, W."]
[Result "1/2-1/2"]
[WhiteElo "2325"]
[BlackElo "2455"]
[PlyCount "91"]
[EventDate "1984.??.??"]

1. d4 Nf6 2. c4 e6 3. Nf3 b6 4. Nc3 Bb7 5. a3 d5 6. cxd5 Nxd5 7. e4 Nxc3 8.
bxc3 Bxe4 9. Ne5 Bb7 10. Bb5+ c6 11. Qf3 Qf6 12. Qe4 Bd6 13. Bd3 Qe7 14. O-O
Nd7 15. Nc4 Bc7 16. a4 Rb8 17. Re1 c5 18. Qg4 Nf6 19. Qh4 h6 20. Bg5 Rd8 21.
Ne5 Rg8 22. Bc1 Bxe5 23. Rxe5 Nd7 24. Qxe7+ Kxe7 25. Re1 Ra8 26. Bb5 Rac8 27.
Ba3 Bc6 28. c4 Bxb5 29. axb5 Kf6 30. Red1 cxd4 31. Rxd4 Nc5 32. Bxc5 Rxc5 33.
f4 Ke7 34. Kf2 Rc7 35. Ke3 Rd8 36. Rxd8 Kxd8 37. Kd4 Ke7 38. Rc1 Kd6 39. Ra1 g5
40. g3 f6 41. h4 gxh4 42. gxh4 e5+ 43. fxe5+ fxe5+ 44. Kc3 Ke6 45. Rg1 Kf5 46.
h5 1/2-1/2

[Event "BL 8384 München 36-Sindelfingen"]
[Site "?"]
[Date "1984.??.??"]
[Round "?.2"]
[White "Robatsch, K."]
[Black "Ullrich, F."]
[Result "0-1"]
[WhiteElo "2420"]
[BlackElo "2275"]
[PlyCount "126"]
[EventDate "1984.??.??"]

1. Nf3 Nf6 2. c4 e6 3. Nc3 Bb4 4. g3 O-O 5. Bg2 d6 6. O-O Bxc3 7. bxc3 Nc6 8.
d3 Re8 9. Rb1 Rb8 10. Nd4 Bd7 11. e4 d5 12. cxd5 exd5 13. f3 h6 14. Be3 b6 15.
h3 dxe4 16. fxe4 Ne5 17. Nf3 Bc6 18. Nxe5 Rxe5 19. Bd4 Re6 20. Rb2 Be8 21. Rbf2
Nd7 22. Rf5 Qe7 23. Be3 Rd8 24. Qe2 f6 25. Kh2 Bg6 26. R5f4 c5 27. Bg1 Re8 28.
Qg4 Ne5 29. Qd1 c4 30. dxc4 Bf7 31. c5 bxc5 32. Qc2 Ra6 33. Ra1 Qc7 34. Rff1
Ra3 35. Rfc1 Rd8 36. Rd1 Rxd1 37. Qxd1 Rxc3 38. Rc1 Rxc1 39. Qxc1 Bxa2 40. Qa3
Bc4 41. Bxc5 a6 42. Qb4 Qf7 43. Bd6 Bb5 44. Qc5 Qe6 45. Qd4 Kh7 46. Qc5 Be2 47.
Qd4 Qe8 48. Qf2 Bc4 49. Qf5+ Kh8 50. Ba3 Be6 51. Qf2 Qa4 52. Be7 Qd7 53. Ba3 a5
54. Qc2 a4 55. Bc1 Kh7 56. Bb2 Qa7 57. Ba3 Qa5 58. g4 Kh8 59. Bf1 Qe1 60. Bg2
Qh4 61. Kg1 Qg3 62. Qc1 Nf3+ 63. Kf1 Bc4+ 0-1

[Event "BL 8384 Bayern-Heidelberg"]
[Site "?"]
[Date "1984.??.??"]
[Round "?.1"]
[White "Neunhoeffer, H."]
[Black "Pfleger, He"]
[Result "1/2-1/2"]
[WhiteElo "2235"]
[BlackElo "2505"]
[PlyCount "118"]
[EventDate "1984.??.??"]

1. d4 Nf6 2. c4 e6 3. Nc3 d5 4. Bg5 Be7 5. e3 O-O 6. Nf3 Nbd7 7. Rc1 c6 8. Bd3
dxc4 9. Bxc4 Nd5 10. Bxe7 Qxe7 11. Ne4 N5f6 12. Ng3 Qb4+ 13. Qd2 Qxd2+ 14. Kxd2
b6 15. Rhd1 Bb7 16. Ke2 Rfd8 17. h3 Kf8 18. Rc2 c5 19. Rcd2 Rdc8 20. Bb5 cxd4
21. Nxd4 Nc5 22. f3 a6 23. Bd3 Nxd3 24. Rxd3 a5 25. R3d2 Ba6+ 26. Kf2 Bc4 27.
b3 Ba6 28. e4 Rc5 29. Nf1 Rac8 30. Ne3 Ke7 31. Rc2 Nd7 32. Rcd2 R8c7 33. a3 Ne5
34. f4 Nc6 35. Ndf5+ Ke8 36. b4 exf5 37. bxc5 fxe4 38. cxb6 Rb7 39. Nd5 Bd3 40.
Rxd3 exd3 41. Rxd3 Rd7 42. Ke3 Kd8 43. Ke4 Kc8 44. f5 Kb7 45. f6 gxf6 46. Nxf6
Re7+ 47. Kf4 Ne5 48. Rb3 h6 49. Nd5 Re6 50. Rc3 Nc6 51. g4 Re1 52. Rf3 Nd4 53.
Rd3 Ne6+ 54. Kf5 Kc6 55. Ne7+ Kxb6 56. Ng8 h5 57. gxh5 Ng7+ 58. Kg5 Rg1+ 59.
Kh6 Nxh5 1/2-1/2

[Event "BL 8384 Bayern-Heidelberg"]
[Site "?"]
[Date "1984.??.??"]
[Round "?.2"]
[White "Kindermann, S."]
[Black "Mack, P."]
[Result "1-0"]
[WhiteElo "2500"]
[BlackElo "2280"]
[PlyCount "67"]
[EventDate "1984.??.??"]

1. e4 e6 2. d4 d5 3. Nd2 Nf6 4. e5 Nfd7 5. c3 c5 6. f4 Nc6 7. Ndf3 cxd4 8. cxd4
Nb6 9. Bd3 Bd7 10. a3 a5 11. Ne2 h5 12. O-O a4 13. Bd2 g6 14. Qb1 Rg8 15. Qe1
Nc4 16. Bxc4 dxc4 17. Ng5 Ne7 18. Ne4 Nd5 19. N2c3 Be7 20. Nxd5 exd5 21. Nf6+
Bxf6 22. exf6+ Be6 23. Qe5 Kd7 24. Bb4 Qc7 25. Qg5 Bf5 26. Rae1 Be4 27. Rxe4
dxe4 28. Qd5+ Kc8 29. Be7 Ra6 30. Qxf7 Rh8 31. f5 gxf5 32. Qg7 Rd8 33. Rxf5
Rxd4 34. Rf1 1-0

[Event "BL 8384 Sindelfingen-Bayern"]
[Site "?"]
[Date "1984.??.??"]
[Round "?.1"]
[White "Pfleger, He"]
[Black "Fahnenschmidt, G."]
[Result "1/2-1/2"]
[WhiteElo "2505"]
[BlackElo "2325"]
[PlyCount "155"]
[EventDate "1984.??.??"]

1. c4 Nf6 2. Nf3 e6 3. g3 b6 4. Bg2 Bb7 5. O-O c5 6. d4 cxd4 7. Qxd4 d6 8. Nc3
a6 9. Bg5 Be7 10. Bxf6 Bxf6 11. Qf4 O-O 12. Rfd1 Be7 13. Ne4 Bxe4 14. Qxe4 Ra7
15. Nd4 Rd7 16. Qd3 Bf6 17. Rd2 Qc7 18. Rad1 Rc8 19. b3 Qc5 20. a4 Rcd8 21. e3
g6 22. Qb1 a5 23. Nb5 Nc6 24. h4 Nb4 25. Bf3 Bg7 26. Kg2 h5 27. Qe4 d5 28. Qb1
d4 29. exd4 Bxd4 30. Qe4 e5 31. g4 hxg4 32. Qxg4 Qf8 33. Nxd4 Rxd4 34. Rxd4
Rxd4 35. Rxd4 exd4 36. Qxd4 Qc5 37. Qf6 Kf8 38. Be4 Ke8 39. Kf3 Qc7 40. Kg4 Qe7
41. Qxe7+ Kxe7 42. Kg5 Na6 43. Bc2 Nc5 44. Kf4 Kf6 45. Bd1 Ke6 46. Bc2 Kf6 47.
Ke3 Ke5 48. f4+ Ke6 49. Kd4 f5 50. Ke3 Kd6 51. Bd1 Ne6 52. h5 gxh5 53. Bxh5 Kc5
54. Be8 Nd4 55. Bd7 Nc2+ 56. Kd2 Nd4 57. Kd3 Nxb3 58. Bxf5 Kd6 59. Ke3 Nc5 60.
Bc2 Ke6 61. Kd4 Kd6 62. Bd1 Ne6+ 63. Ke4 Nc5+ 64. Kf5 Nd7 65. Bh5 Ke7 66. Bf3
Kd6 67. Kg6 Nc5 68. Bd1 Ke7 69. Bc2 Ne6 70. f5 Nf8+ 71. Kg7 Nd7 72. Be4 Nf6 73.
Bc6 Ng4 74. Bd5 Nf6 75. Kg6 Nd7 76. Kg5 Nf6 77. Be6 Ne4+ 78. Kf4 1/2-1/2

[Event "BL 8384 Sindelfingen-Bayern"]
[Site "?"]
[Date "1984.??.??"]
[Round "?.2"]
[White "Ullrich, F."]
[Black "Kindermann, S."]
[Result "0-1"]
[WhiteElo "2275"]
[BlackElo "2500"]
[PlyCount "78"]
[EventDate "1984.??.??"]

1. Nf3 Nf6 2. d4 e6 3. c4 c5 4. d5 exd5 5. cxd5 d6 6. Nc3 g6 7. g3 Bg7 8. Bg2
O-O 9. O-O Re8 10. Nd2 Nbd7 11. Nc4 Nb6 12. Nxb6 Qxb6 13. Qc2 a6 14. a4 Qc7 15.
a5 Rb8 16. Ra3 b5 17. axb6 Qxb6 18. Qa4 Qa7 19. Re1 Rb4 20. Qa5 Qe7 21. Ra4 Rb8
22. h3 Bd7 23. Ra2 Bb5 24. Bd2 Nd7 25. b3 f5 26. Qc7 Rec8 27. Qa5 Qf8 28. e4
Ne5 29. exf5 Qxf5 30. f4 Nd3 31. Re6 Nb4 32. Ne4 Nxa2 33. Qxa2 Rd8 34. Nxd6 Qd3
35. Kh2 Bd4 36. Ba5 Rxd6 37. Rxd6 Qd1 38. g4 Be2 39. Kg3 g5 0-1

[Event "BL 8384 Sindelfingen-Bayern"]
[Site "?"]
[Date "1984.??.??"]
[Round "?.3"]
[White "Hecht, H."]
[Black "Hoffmann, H."]
[Result "1-0"]
[WhiteElo "2450"]
[BlackElo "2210"]
[PlyCount "123"]
[EventDate "1984.??.??"]

1. e4 c5 2. Nf3 e6 3. Nc3 d6 4. d4 cxd4 5. Nxd4 Nf6 6. Be2 a6 7. a4 Nc6 8. O-O
Qc7 9. Be3 Be7 10. Nb3 Na5 11. Nxa5 Qxa5 12. Qd2 Qc7 13. a5 Bd7 14. f4 Rc8 15.
Kh1 Bc6 16. Bf3 O-O 17. Rfd1 Nd7 18. Qf2 f5 19. exf5 Rxf5 20. Bg4 Rf6 21. Qe2
Nf8 22. Rf1 Re8 23. Bb6 Qb8 24. Ne4 Bxe4 25. Qxe4 d5 26. Qe3 Bd6 27. g3 e5 28.
fxe5 Bxe5 29. Qb3 Kh8 30. Rxf6 Bxf6 31. Qxd5 Bxb2 32. Rd1 Bc3 33. Bf3 Re1+ 34.
Rxe1 Bxe1 35. Qd8 Qxd8 36. Bxd8 Ne6 37. Bb6 Bb4 38. Bxb7 Nc5 39. Bd5 g6 40. Kg2
Kg7 41. Kf3 Kf6 42. Ke3 Ke5 43. Bg8 h6 44. Bc7+ Kf5 45. Bc4 Nb7 46. Bxa6 Nxa5
47. Bd3+ Kf6 48. Kd4 Nc6+ 49. Kd5 Ne7+ 50. Kc4 Bd2 51. Bb6 Ke6 52. Be4 h5 53.
Kd3 Be1 54. Be3 Ba5 55. c4 Bc7 56. Bg5 Bd6 57. Kd4 Be5+ 58. Kc5 Bb8 59. Kb6
Nc8+ 60. Kc6 Ne7+ 61. Kb5 Bc7 62. c5 1-0

[Event "BL 8384 Heidelberg-München 36"]
[Site "?"]
[Date "1984.??.??"]
[Round "?.1"]
[White "Unzicker, W."]
[Black "Steinbacher, M."]
[Result "1/2-1/2"]
[WhiteElo "2455"]
[BlackElo "2310"]
[PlyCount "82"]
[EventDate "1984.??.??"]

1. e4 c5 2. Nf3 e6 3. d4 cxd4 4. Nxd4 a6 5. c4 Nf6 6. Nc3 Qc7 7. Be2 b6 8. O-O
Bb7 9. Qc2 Bc5 10. Be3 O-O 11. Rad1 Nc6 12. a3 Rac8 13. Nxc6 Bxc6 14. Bd4 Qf4
15. Bxc5 bxc5 16. f3 Rb8 17. Qd2 Qe5 18. Rf2 Rb6 19. f4 Qb8 20. e5 Rxb2 21. Qe3
Ne8 22. Qxc5 f6 23. Rd4 Qb6 24. Qxb6 Rxb6 25. Bd1 Nc7 26. exf6 Rxf6 27. Rfd2 a5
28. Ba4 Rf7 29. Bxc6 Rxc6 30. Nb5 Na6 31. Rd1 Nc5 32. Nd6 Rf8 33. Rb1 a4 34. g3
Nb3 35. Rd3 Ra8 36. Nb5 Nc5 37. Rd4 Kf8 38. Rbd1 Ke7 39. Kf2 Rb6 40. Re1 Rc8
41. Na7 Rb2+ {.../54/} 1/2-1/2

[Event "BL 8384 Heidelberg-München 36"]
[Site "?"]
[Date "1984.??.??"]
[Round "?.2"]
[White "Neunhoeffer, H."]
[Black "Robatsch, K."]
[Result "0-1"]
[WhiteElo "2235"]
[BlackElo "2420"]
[PlyCount "101"]
[EventDate "1984.??.??"]

1. c4 e6 2. Nc3 b6 3. d4 Bb4 4. e4 Bb7 5. f3 f5 6. Bd3 Qh4+ 7. g3 Qh5 8. Bd2
Nc6 9. a3 Bd6 10. e5 Be7 11. Be3 d6 12. exd6 Bxd6 13. Nb5 O-O-O 14. Qc2 Be7 15.
O-O-O a6 16. d5 Ne5 17. Nd4 Bc5 18. Nge2 exd5 19. Bxf5+ Kb8 20. Nf4 Qe8 21.
Rhe1 Nxc4 22. Bg1 Ne7 23. Nfe6 Rd6 24. Nxc5 bxc5 25. Nb3 Qf7 26. Bd3 Nxa3 27.
Qe2 c4 28. Qxe7 Qxe7 29. Rxe7 Nb5 30. Rxg7 cxd3 31. Rxd3 d4 32. Kd1 Bd5 33.
Nxd4 Bc4 34. Rd2 Re8 35. Kc2 Re1 36. Nxb5 Bb3+ 37. Kxb3 Rxd2 38. Ba7+ Ka8 39.
Rg8+ Kb7 40. Rb8+ Kc6 41. Nd4+ Kd7 42. h4 Re3+ 43. Kc4 Rg2 44. Rg8 Rxb2 45.
Rg7+ Kc8 46. Rxh7 a5 47. Rh8+ Kd7 48. Nb3 Rc2+ 49. Kd4 Rxb3 50. Rf8 Rcc3 51.
Ke4 0-1

[Event "BL 8384 Heidelberg-München 36"]
[Site "?"]
[Date "1984.??.??"]
[Round "?.3"]
[White "Bastian, H."]
[Black "Mack, P."]
[Result "1/2-1/2"]
[WhiteElo "2375"]
[BlackElo "2280"]
[PlyCount "104"]
[EventDate "1984.??.??"]

1. e4 e6 2. d4 d5 3. e5 c5 4. c3 Nc6 5. Nf3 Qb6 6. a3 a5 7. Bd3 Bd7 8. O-O cxd4
9. cxd4 Nxd4 10. Nxd4 Qxd4 11. Nc3 Qxe5 12. Re1 Qd6 13. Qf3 Nf6 14. Bf4 Qb6 15.
Be5 Be7 16. Rad1 Bc6 17. Qg3 g6 18. Qf4 Nh5 19. Qg4 O-O 20. Re3 f5 21. Qe2 d4
22. Bxd4 Qxd4 23. Bc4 Qc5 24. Rxe6 Kh8 25. Rxe7 Rae8 26. Re1 Nf4 27. Qe5+ Qxe5
28. R7xe5 Rxe5 29. Rxe5 Nxg2 30. Rxa5 Re8 31. Nd5 Nh4 32. h3 Nf3+ 33. Kg2 Ne5
34. Ba2 b6 35. Ra6 Rd8 36. Rxb6 Bxd5+ 37. Bxd5 Rxd5 38. a4 Rd4 39. a5 Ra4 40.
b4 Nd3 41. a6 Nxb4 42. a7 Rxa7 43. Rxb4 Kg7 44. Kg3 Re7 45. Ra4 Kf6 46. Ra6+
Kg5 47. Ra5 Re4 48. Ra7 h6 49. Ra6 Rb4 50. Ra3 Rb6 51. Rc3 Rb5 52. Ra3 Rb4
1/2-1/2

[Event "BL 8384 Braunschweig-Bamberg"]
[Site "?"]
[Date "1984.??.??"]
[Round "?.1"]
[White "Seppeur, R."]
[Black "Schruefer, G."]
[Result "1-0"]
[WhiteElo "2310"]
[BlackElo "2205"]
[PlyCount "84"]
[EventDate "1984.??.??"]

1. e4 c5 2. Nc3 Nc6 3. g3 g6 4. Bg2 Bg7 5. d3 d6 6. Be3 e6 7. Qd2 Qa5 8. Nge2
Nd4 9. Nc1 Ne7 10. O-O O-O 11. f4 Nec6 12. Qf2 Qc7 13. Nd1 Ne7 14. c3 Ndc6 15.
d4 cxd4 16. cxd4 d5 17. e5 b6 18. g4 Ba6 19. Re1 Rac8 20. Nc3 f5 21. g5 Na5 22.
Bf1 Bxf1 23. Rxf1 Qc4 24. N1e2 Nec6 25. b3 Qa6 26. Bc1 Rf7 27. Ba3 Nb7 28. Bb2
Bf8 29. Qf3 Rfc7 30. Rfd1 Nba5 31. Rac1 Kh8 32. h4 Nb4 33. h5 Nxa2 34. Nxa2
Nxb3 35. Rxc7 Rxc7 36. Nac3 Qa5 37. Kg2 Kg8 38. Qh3 Rc4 39. Rh1 Bg7 40. hxg6
hxg6 41. Qh7+ Kf8 42. Rh6 Rxc3 1-0

[Event "BL 8384 Bamberg-Lasker"]
[Site "?"]
[Date "1984.??.??"]
[Round "?.1"]
[White "Wockenfuss, K."]
[Black "Seppeur, R."]
[Result "1/2-1/2"]
[WhiteElo "2355"]
[BlackElo "2310"]
[PlyCount "42"]
[EventDate "1984.??.??"]

1. e4 c5 2. b3 Nc6 3. Bb2 Nf6 4. e5 Nd5 5. Nf3 Nc7 6. Be2 d5 7. exd6 Qxd6 8.
O-O e5 9. Re1 f6 10. c3 Bf5 11. d4 O-O-O 12. dxe5 Nxe5 13. Qc1 Nd3 14. Bxd3
Qxd3 15. Na3 Bg4 16. Re3 Qg6 17. h3 Bh5 18. Nh4 Qg5 19. Nf3 Qg6 20. Nh4 Qg5 21.
Nf3 Qg6 1/2-1/2

[Event "BL 8384 Bamberg-Lasker"]
[Site "?"]
[Date "1984.??.??"]
[Round "?.2"]
[White "Hartmann, Wo"]
[Black "Paulsen, D."]
[Result "1-0"]
[WhiteElo "2290"]
[BlackElo "2375"]
[PlyCount "101"]
[EventDate "1984.??.??"]

1. f4 Nf6 2. g3 d5 3. Bg2 g6 4. Nf3 Bg7 5. O-O O-O 6. d3 Nc6 7. Nh4 e5 8. f5
Qd6 9. Nc3 Ne7 10. e4 dxe4 11. dxe4 Qxd1 12. Nxd1 gxf5 13. Nxf5 Nxf5 14. exf5
Re8 15. Nc3 e4 16. h3 Bd7 17. Bg5 Bc6 18. Rad1 h6 19. Bh4 e3 20. Rfe1 Nh7 21.
Rd3 Ng5 22. Bxc6 bxc6 23. Bxg5 hxg5 24. Re2 Re5 25. g4 Rb8 26. b3 Rbe8 27. Kg2
Rc5 28. Nd1 Rxc2 29. Kf3 Rc1 30. Rexe3 Rxe3+ 31. Nxe3 Be5 32. Ke4 Bf4 33. Ng2
Bd6 34. a4 Kf8 35. Rf3 Ke7 36. Ne3 Re1 37. Kd3 Rb1 38. Kc2 Rh1 39. Nc4 Rh2+ 40.
Kc3 Bf4 41. Kb4 Bd6+ 42. Ka5 f6 43. Ka6 Bc5 44. Kb7 Kd7 45. Rd3+ Bd6 46. a5 c5
47. a6 Ra2 48. Re3 Ra1 49. Re6 Rb1 50. Re3 Ra1 51. Kxa7 1-0

[Event "BL 8384 Bamberg-Lasker"]
[Site "?"]
[Date "1984.??.??"]
[Round "?.3"]
[White "Cladouras, P."]
[Black "Backwinkel, P."]
[Result "0-1"]
[WhiteElo "2290"]
[BlackElo "2330"]
[PlyCount "84"]
[EventDate "1984.??.??"]

1. e4 e6 2. d4 d5 3. Nc3 Bb4 4. a3 Bxc3+ 5. bxc3 dxe4 6. Qg4 Nf6 7. Qxg7 Rg8 8.
Qh6 c5 9. Bb2 Nbd7 10. O-O-O Qa5 11. Qd2 b6 12. c4 Qxd2+ 13. Rxd2 cxd4 14. Bxd4
Ba6 15. Ne2 Bxc4 16. Ng3 Rc8 17. Bxc4 Rxc4 18. Rhd1 Rg5 19. f3 exf3 20. gxf3
Rd5 21. Nf1 e5 22. Be3 Rxd2 23. Rxd2 Ke7 24. Bg5 Ke6 25. Ne3 Rd4 26. Rg2 Nd5
27. Nxd5 Kxd5 28. Be3 Rh4 29. Kd1 Rh3 30. Ke2 Nc5 31. Bg1 Ne6 32. Rg4 Nf4+ 33.
Ke3 Ng6 34. Ra4 Nh4 35. Rxa7 Nxf3 36. Kf2 f5 37. Rb7 Kc6 38. Rf7 f4 39. Re7
Nxg1 40. Rxe5 Nf3 41. Re6+ Kd5 42. Rxb6 Ne5 0-1

[Event "BL 8384 Bamberg-Lasker"]
[Site "?"]
[Date "1984.??.??"]
[Round "?.4"]
[White "Kestler, H."]
[Black "Fette, M."]
[Result "1/2-1/2"]
[WhiteElo "2405"]
[BlackElo "2265"]
[PlyCount "40"]
[EventDate "1984.??.??"]

1. e4 c6 2. c4 d5 3. exd5 cxd5 4. d4 Nf6 5. Nc3 Nc6 6. Nf3 Bg4 7. cxd5 Nxd5 8.
Be2 e6 9. O-O Be7 10. Qb3 Nb6 11. Be3 O-O 12. Rfd1 Nb4 13. Bf4 N4d5 14. Bg3 Bd6
15. a4 a5 16. Ne4 Bf4 17. Nc5 Rb8 18. Re1 Bxg3 19. hxg3 Nb4 20. Rad1 N6d5
1/2-1/2

[Event "BL 8384 Koblenz-Bochum"]
[Site "?"]
[Date "1984.??.??"]
[Round "?.1"]
[White "Schussler, H."]
[Black "Wolf, V."]
[Result "0-1"]
[WhiteElo "2485"]
[BlackElo "2245"]
[PlyCount "80"]
[EventDate "1984.??.??"]

1. d4 Nf6 2. c4 e6 3. Nf3 Bb4+ 4. Bd2 a5 5. Nc3 b6 6. e3 Ba6 7. Bd3 d5 8. Qe2
Nbd7 9. cxd5 Bxd3 10. Qxd3 exd5 11. Qb5 Bxc3 12. bxc3 O-O 13. c4 c6 14. Qb3 Qb8
15. O-O dxc4 16. Qxc4 b5 17. Qc2 c5 18. dxc5 Rc8 19. c6 Ra6 20. Rfc1 Raxc6 21.
Qxc6 Rxc6 22. Rxc6 h6 23. Rac1 Kh7 24. Bc3 b4 25. Bb2 Qb5 26. Nd4 Qd5 27. a4
Ne4 28. R6c2 Nec5 29. Ne2 Nxa4 30. Bd4 b3 31. Rd2 b2 32. Re1 Ndc5 33. Nc3 Qb3
34. Nb1 Ne4 35. Rdd1 Qc2 36. f3 Nec3 37. Rd2 Qc1 38. Rf1 Nxb1 39. Rdd1 Qc2 40.
Rxb1 Nc3 0-1

[Event "BL 8384 Koblenz-Bochum"]
[Site "?"]
[Date "1984.??.??"]
[Round "?.2"]
[White "Schulz, KJ."]
[Black "Budde, V."]
[Result "1-0"]
[WhiteElo "2330"]
[BlackElo "2355"]
[PlyCount "85"]
[EventDate "1984.??.??"]

1. e4 c5 2. Nf3 e6 3. d4 cxd4 4. Nxd4 Nf6 5. Nc3 d6 6. f4 a6 7. Nf3 Qc7 8. Bd3
b5 9. a3 Nc6 10. O-O Be7 11. Kh1 b4 12. axb4 Nxb4 13. e5 dxe5 14. fxe5 Nd7 15.
Nb5 Qb7 16. Nd6+ Bxd6 17. exd6 Qd5 18. Be2 Qxd1 19. Bxd1 Rb8 20. b3 O-O 21. Nd2
Bb7 22. Nc4 Be4 23. c3 Nd5 24. Bd2 Nc5 25. Re1 Rfc8 26. Kg1 f5 27. Ne5 Nxb3 28.
Bxb3 Rxb3 29. d7 Rd8 30. Rxa6 Rb2 31. Rxe6 Kf8 32. Rd1 Nf6 33. Be3 Rxg2+ 34.
Kf1 Rxh2 35. Bc5+ Kg8 36. Bb6 Rh1+ 37. Ke2 Bf3+ 38. Kxf3 Rxd1 39. Bxd8 Nxd7 40.
Re8+ Nf8 41. Be7 g5 42. Rxf8+ Kg7 43. Rf7+ 1-0

[Event "BL 8384 Koblenz-Bochum"]
[Site "?"]
[Date "1984.??.??"]
[Round "?.4"]
[White "Trauth, M."]
[Black "Ueter, H."]
[Result "0-1"]
[WhiteElo "2235"]
[BlackElo "2270"]
[PlyCount "66"]
[EventDate "1984.??.??"]

1. Nf3 g6 2. c4 Bg7 3. g3 d6 4. Bg2 Nc6 5. Nc3 e5 6. d3 Bg4 7. Rb1 h6 8. b4 Qd7
9. b5 Nd8 10. Qa4 Ne7 11. Nd5 O-O 12. O-O f5 13. h3 Bh5 14. Nxe7+ Qxe7 15. c5
g5 16. b6 dxc5 17. bxc7 Qxc7 18. Ba3 Bf7 19. Rfc1 Ne6 20. Nd2 b6 21. Bxa8 Rxa8
22. Nf3 Nd4 23. Nxd4 exd4 24. Rc2 f4 25. g4 f3 26. Re1 Re8 27. Bc1 h5 28. Bxg5
hxg4 29. hxg4 Qc8 30. Bh4 Qxg4+ 31. Bg3 Qh3 32. Qxe8+ Bxe8 33. exf3 Bc6 0-1

[Event "BL 8384 Koblenz-Bochum"]
[Site "?"]
[Date "1984.??.??"]
[Round "?.7"]
[White "Ackermann, H."]
[Black "Brueckner, T."]
[Result "1-0"]
[WhiteElo "2255"]
[BlackElo "2250"]
[PlyCount "146"]
[EventDate "1984.??.??"]

1. e4 e6 2. Nf3 c5 3. Nc3 d6 4. Bb5+ Bd7 5. Bxd7+ Qxd7 6. O-O Nc6 7. d4 cxd4 8.
Nxd4 Nf6 9. Nxc6 Qxc6 10. Qe2 Be7 11. Bg5 O-O 12. Rad1 Rac8 13. Rd2 Rfe8 14.
Bxf6 Bxf6 15. Nb5 Rcd8 16. Rfd1 Be5 17. Nxa7 Qa4 18. Nb5 Qxa2 19. g3 Qa6 20. c4
Rd7 21. f4 Bf6 22. e5 Bd8 23. Nxd6 Bb6+ 24. Kg2 Red8 25. b4 Bc7 26. c5 Qc6+ 27.
Qf3 Qa4 28. Qe4 Bb8 29. b5 Qb3 30. Qc4 Qe3 31. Re2 Qa3 32. Ra2 Qe3 33. Rd3 Qe1
34. Qc3 Qb1 35. Ra1 Rxd6 36. Rxd6 Qe4+ 37. Qf3 Qc2+ 38. Qf2 Qe4+ 39. Kg1 Bxd6
40. exd6 Qc4 41. b6 Qc3 42. Rd1 h5 43. Qd4 Qf3 44. Qd3 Qc6 45. Qd4 h4 46. gxh4
Qf3 47. Rd3 Qe2 48. Rg3 g6 49. Qe3 Qd1+ 50. Kg2 Ra8 51. Qf3 Qc2+ 52. Qf2 Qe4+
53. Rf3 Qd5 54. Kg3 Ra2 55. Qe3 Qd1 56. Rf2 Qg1+ 57. Kf3 Qh1+ 58. Kg3 Qg1+ 59.
Kf3 Ra1 60. d7 Qh1+ 61. Kg3 Qd5 62. Rd2 Rg1+ 63. Qxg1 Qxd2 64. c6 Qd3+ 65. Kf2
Qd4+ 66. Kg2 Qe4+ 67. Kh3 Qf3+ 68. Qg3 Qf1+ 69. Kg4 Qe2+ 70. Qf3 f5+ 71. Kg3
Qe1+ 72. Kh3 Qxh4+ 73. Kxh4 g5+ 1-0

[Event "BL 8384 Koblenz-Bochum"]
[Site "?"]
[Date "1984.??.??"]
[Round "?.8"]
[White "Koerholz, L."]
[Black "Sehner, N."]
[Result "0-1"]
[WhiteElo "2260"]
[BlackElo "2315"]
[PlyCount "138"]
[EventDate "1984.??.??"]

1. d4 d5 2. c4 e6 3. Nc3 Nf6 4. Bg5 Be7 5. e3 O-O 6. cxd5 exd5 7. Bd3 c6 8. Qc2
Nbd7 9. Nf3 Re8 10. O-O h6 11. Bh4 Ne4 12. Bxe7 Qxe7 13. b4 Qxb4 14. Nxe4 dxe4
15. Bxe4 Qe7 16. Bh7+ Kh8 17. Bf5 Nf8 18. Rab1 Bxf5 19. Qxf5 Ng6 20. Rfc1 Kg8
21. Rb3 Red8 22. Qb1 Rd7 23. Nd2 Re8 24. Rc5 Rc7 25. Rbc3 Qd7 26. Qc2 Re6 27.
d5 Rd6 28. e4 Qd8 29. Nf1 Qf6 30. Ne3 Rd8 31. h3 Ne7 32. Ng4 Qh4 33. Kh2 Ng6
34. dxc6 bxc6 35. Rxc6 Rcd7 36. Rc8 h5 37. Rxd8+ Rxd8 38. g3 Qg5 39. Ne3 h4 40.
Nd5 hxg3+ 41. Rxg3 Qe5 42. Qd2 Re8 43. Nc3 Nf4 44. Qe3 Nh5 45. f4 Nxf4 46. Kg1
Qxc3 47. Qxc3 Ne2+ 48. Kf2 Nxc3 49. Rxc3 Rxe4 50. Rc8+ Kh7 51. Rc7 Ra4 52. Rc2
Ra3 53. Kg2 Kg6 54. Kh2 f5 55. Rf2 Kg5 56. Rg2+ Kh4 57. Rxg7 Rxa2+ 58. Kg1 Kxh3
59. Kf1 f4 60. Rg8 a5 61. Rg7 a4 62. Rg8 a3 63. Ra8 Kg3 64. Ra7 Ra1+ 65. Ke2 a2
66. Rg7+ Kh4 67. Rh7+ Kg5 68. Rg7+ Kf6 69. Ra7 Rh1 0-1

[Event "BL 8384 Porz-Solingen"]
[Site "?"]
[Date "1984.??.??"]
[Round "?.2"]
[White "Miles, A."]
[Black "Lobron, E."]
[Result "1-0"]
[WhiteElo "2585"]
[BlackElo "2480"]
[PlyCount "89"]
[EventDate "1984.??.??"]

1. c4 e6 2. Nc3 d5 3. d4 Nf6 4. Bg5 Be7 5. e3 O-O 6. Nf3 h6 7. Bh4 b6 8. Qb3
Bb7 9. Bxf6 Bxf6 10. cxd5 exd5 11. Rd1 c6 12. Bd3 Re8 13. O-O Nd7 14. Rfe1 Nf8
15. Bb1 Bc8 16. h3 Be6 17. Ne2 Qd6 18. Nf4 Rad8 19. Qc3 Bc8 20. Nh5 Be7 21. Ne5
g6 22. Nf4 Bb7 23. e4 Bg5 24. Qf3 Qf6 25. g3 dxe4 26. Bxe4 Bxf4 27. gxf4 Ne6
28. Ng4 Qh4 29. Bxc6 Bxc6 30. Qxc6 Re7 31. d5 Nxf4 32. Nf6+ Kf8 33. Rxe7 Qg5+
34. Kf1 Qg2+ 35. Ke1 Kxe7 36. Qc7+ Kxf6 37. Qxd8+ Kg7 38. Qe7 Qg1+ 39. Kd2
Qxf2+ 40. Kc1 Ne2+ 41. Kb1 Qf5+ 42. Ka1 Nd4 43. b3 Qxd5 44. Qe2 Qc5 45. Qb2 1-0

[Event "BL 8384 Porz-Solingen"]
[Site "?"]
[Date "1984.??.??"]
[Round "?.3"]
[White "Lau, R."]
[Black "Goehring, K."]
[Result "1-0"]
[WhiteElo "2395"]
[BlackElo "2355"]
[PlyCount "47"]
[EventDate "1984.??.??"]

1. e4 c6 2. d4 d5 3. Nc3 dxe4 4. Nxe4 Nf6 5. Nxf6+ gxf6 6. c3 h5 7. Bc4 Qc7 8.
Be3 Bf5 9. Nf3 h4 10. Qe2 e6 11. O-O-O Bd6 12. g3 hxg3 13. hxg3 Rg8 14. Nh4 Be4
15. Rhe1 Nd7 16. Qh5 Nf8 17. Bh6 Bg6 18. Nxg6 Nxg6 19. Qf5 Be7 20. Rxe6 fxe6
21. Bxe6 Rh8 22. Qxg6+ Kd8 23. Bf4 Qa5 24. d5 1-0

[Event "BL 8384 Porz-Solingen"]
[Site "?"]
[Date "1984.??.??"]
[Round "?.4"]
[White "Marian, R."]
[Black "Dueball, J."]
[Result "1/2-1/2"]
[WhiteElo "2360"]
[BlackElo "2445"]
[PlyCount "58"]
[EventDate "1984.??.??"]

1. g3 e5 2. Bg2 Nf6 3. d3 d5 4. Nf3 Nc6 5. O-O Be7 6. Bg5 O-O 7. Nc3 Be6 8. a3
h6 9. Bxf6 Bxf6 10. e4 dxe4 11. Nxe4 Be7 12. b4 f5 13. Nc5 Bxc5 14. bxc5 Qf6
15. Rb1 b6 16. Nh4 Bd7 17. c3 g5 18. Nf3 Rae8 19. Nd2 Kg7 20. Qc2 Ne7 21. Rb4
Bc6 22. Bxc6 Nxc6 23. Rb5 Rd8 24. cxb6 axb6 25. Nc4 Qe6 26. Qe2 Rd5 27. Rxd5
Qxd5 28. Re1 Re8 29. Ne3 Qe6 1/2-1/2

[Event "BL 8384 Porz-Solingen"]
[Site "?"]
[Date "1984.??.??"]
[Round "?.6"]
[White "Gerusel, M."]
[Black "Werner, D."]
[Result "1-0"]
[WhiteElo "2390"]
[BlackElo "2340"]
[PlyCount "49"]
[EventDate "1984.??.??"]

1. d4 Nf6 2. c4 e6 3. Nc3 d5 4. Bg5 dxc4 5. e3 a6 6. Bxc4 c5 7. Nf3 b5 8. Bb3
Bb7 9. O-O Be7 10. Qe2 O-O 11. Rfd1 cxd4 12. Nxd4 Qb6 13. e4 Bc5 14. Bxf6 gxf6
15. Qg4+ Kh8 16. Nce2 Rg8 17. Qh4 Rg6 18. Rd3 Bxd4 19. Nxd4 Nc6 20. Rh3 Rg7 21.
Nxc6 Qxc6 22. Qxf6 Qxe4 23. Rg3 Rag8 24. Rd1 Qf5 25. Qxg7+ 1-0

[Event "BL 8384 Porz-Solingen"]
[Site "?"]
[Date "1984.??.??"]
[Round "?.8"]
[White "Laven, R."]
[Black "Borngaesser, R."]
[Result "1/2-1/2"]
[WhiteElo "2320"]
[BlackElo "2340"]
[PlyCount "29"]
[EventDate "1984.??.??"]

1. e4 e6 2. d4 d5 3. exd5 exd5 4. Bd3 Bd6 5. Qf3 c6 6. Ne2 Qf6 7. Bf4 Ne7 8.
Bxd6 Qxd6 9. Nd2 Nd7 10. Qg3 Qxg3 11. hxg3 Nf8 12. Nf3 Bf5 13. O-O-O f6 14. Nf4
Kf7 15. Rhe1 1/2-1/2